[Event "Asia-ch Amateur"]
[Site "Bandar Seri Begawan"]
[Date "2015.09.09"]
[Round "6"]
[White "Andin, Faizal"]
[Black "Limono, Handjojo"]
[Result "1/2-1/2"]
[WhiteElo "1975"]
[BlackElo "1866"]
[PlyCount "98"]
[EventDate "2015.09.07"]
[EventType "swiss"]
[EventRounds "9"]
[EventCountry "BRN"]
[SourceTitle "EXT 2016"]
[Source "ChessBase"]
[SourceDate "2015.10.08"]
[SourceVersion "1"]
[SourceVersionDate "2015.10.08"]
[SourceQuality "1"]

1. e4 c6 2. d4 d5 3. Nc3 dxe4 4. Nxe4 Bf5 5. Ng3 Bg6 6. Nf3 Nd7 7. Bc4 e6 8. c3 h6 9. Bf4 Ngf6 10. Qe2 Be7 11. 0-0 0-0 12. Rfe1 Re8 13. Rad1 Bf8 14. Ne5 Nxe5 15. dxe5 Nd5 16. Bc1 Qc7 17. Bd3 Ne7 18. Bc4 Rad8 19. Rxd8 Rxd8 20. h4 Qd7 21. Qg4 Kh8 22. h5 Bh7 23. Qf3 Nc8 24. Ne4 Nb6 25. Bb3 Qc7 26. Bf4 Nc8 27. g4 Qd7 28. Re3 Nb6 29. Bc2 Nd5 30. Re2 Nxf4 31. Qxf4 Kg8 32. Qe3 b6 33. Bb3 Bxe4 34. Qxe4 Qd3 35. Qxd3 Rxd3 36. Bc2 Rd8 37. Kg2 a5 38. Kf3 c5 39. Ke4 b5 40. a4 b4 41. Bb3 Be7 42. f4 Kf8 43. Rg2 Bh4 44. g5 bxc3 45. bxc3 Be1 46. g6 Bxc3 47. gxf7 c4 48. Ba2 Rd4+ 49. Ke3 Rd3+ 1/2-1/2

[Event "Kuala Lumpur op 5th"]
[Site "Kuala Lumpur"]
[Date "2008.08.22"]
[Round "7"]
[White "Panggabean, Hasian"]
[Black "Andin, Faizal"]
[Result "1-0"]
[WhiteElo "2254"]
[BlackElo "2005"]
[PlyCount "139"]
[EventDate "2008.08.18"]
[EventType "swiss"]
[EventRounds "11"]
[EventCountry "MAS"]
[SourceTitle "CBM 126 Extra"]
[Source "ChessBase"]
[SourceDate "2008.11.05"]
[SourceVersion "1"]
[SourceVersionDate "2008.11.05"]
[SourceQuality "1"]

1. d4 d5 2. Nf3 Nf6 3. Bf4 Bf5 4. e3 Nbd7 5. Bd3 Bxd3 6. Qxd3 e6 7. Nbd2 Be7 8. h3 a6 9. 0-0 0-0 10. e4 dxe4 11. Nxe4 Nd5 12. Bh2 N7f6 13. Nxf6+ Bxf6 14. c4 Ne7 15. Rfd1 Ng6 16. Rac1 Re8 17. Qb3 Rb8 18. Qa4 Qe7 19. Qa5 Rbc8 20. Re1 Qd7 21. Rcd1 Qc6 22. b3 h6 23. Re3 Red8 24. Red3 Rd7 25. Bg3 Qe4 26. Re3 Qc6 27. Red3 Qe4 28. d5 e5 29. Re3 Qf5 30. Rde1 Re8 31. Re4 Rde7 32. Qb4 Qc8 33. c5 c6 34. d6 Re6 35. R1e2 Qd7 36. Qd2 b6 37. b4 bxc5 38. bxc5 Qa7 39. Qc2 Qb7 40. a3 a5 41. Re1 Qa6 42. Qa4 Kh7 43. Bh2 Kg8 44. g4 Qd3 45. Kg2 Qd5 46. Qc2 Rb8 47. Rd1 Qb3 48. Qxb3 Rxb3 49. d7 Bd8 50. Bg3 Rxa3 51. h4 Rc3 52. h5 Nf4+ 53. Bxf4 exf4 54. Rxe6 fxe6 55. Rd6 Kf7 56. Ne5+ Kf6 57. Nxc6 Be7 58. d8Q Bxd8 59. Nxd8 Rxc5 60. Nxe6 Rc4 61. Ra6 a4 62. Kf3 Ke5 63. Nxg7 Rc3+ 64. Kg2 a3 65. Nf5 Ke4 66. Nxh6 Kd3 67. Nf5 Kc2 68. Nd4+ Kb2 69. Nb5 Rb3 70. Nxa3 1-0

[Event "Kuala Lumpur op 5th"]
[Site "Kuala Lumpur"]
[Date "2008.08.19"]
[Round "3"]
[White "Andin, Faizal"]
[Black "Mehdi, Hasan Parag"]
[Result "0-1"]
[WhiteElo "2005"]
[BlackElo "2264"]
[PlyCount "103"]
[EventDate "2008.08.18"]
[EventType "swiss"]
[EventRounds "11"]
[EventCountry "MAS"]
[SourceTitle "CBM 126 Extra"]
[Source "ChessBase"]
[SourceDate "2008.11.05"]
[SourceVersion "1"]
[SourceVersionDate "2008.11.05"]
[SourceQuality "1"]

1. Nf3 d5 2. d4 Nf6 3. c4 dxc4 4. Nc3 a6 5. a4 e6 6. e4 Bb4 7. Bg5 h6 8. Bxf6 Qxf6 9. Bxc4 0-0 10. 0-0 Rd8 11. e5 Qe7 12. Qe2 Nd7 13. Qe4 Rb8 14. Bd3 Nf8 15. Na2 Ba5 16. Rab1 Bd7 17. b4 Bc6 18. Qe3 Bxf3 19. Qxf3 Bb6 20. Be4 c6 21. b5 cxb5 22. d5 exd5 23. Bxd5 Ne6 24. axb5 Ng5 25. Qb3 Qxe5 26. Rbd1 a5 27. Kh1 Qf6 28. f4 Ne6 29. Nc3 Nd4 30. Qa2 Rd7 31. Bc4 Qd6 32. f5 Rc8 33. Na4 Ba7 34. Rb1 Bb8 35. g3 Qf6 36. Rbe1 Rdc7 37. Bd3 Nc2 38. Re4 Nb4 39. Qe2 Nxd3 40. Qxd3 Rc2 41. Rfe1 Kh7 42. Nb6 Qxb6 43. f6 R8c3 44. Rg4+ g6 45. Rxg6 Qxf6 46. Rxf6+ Rxd3 47. Rxf7+ Kg6 48. Rxb7 Rxh2+ 49. Kg1 Bxg3 50. Rb1 Be5 51. Rb6+ Kg5 52. Ra6 0-1